000 00301nam a22001337a 4500
008 170920b xxu||||| |||| 00| 0 eng d
020 _a9780495657194
041 _aeng
080 _a7
100 _a45
101 _aART
245 _aGARDNER'S ART THROUGH THE AGES
_cKLEINER, F.S
942 _2udc
_cBK
999 _c28421
_d28421